Lengua, ritmo y sentido: contribuciones al método integral para la enseñanza de la lectoescritura

Guardat en:
Dades bibliogràfiques
Autors principals: Oñativia, Oscar V. (autor), Palermo de Ligoule, M. Zulma (Autor), García de Gir, Irene (Autor), Wisnivesky de Medina, María Sonia (Autor)
Altres autors: Nardelli, María Laura (autora)
Format: Llibre
Idioma:espanyol
Publicat: Buenos Aires Guadalupe 1976
Col·lecció:Biblioteca pedagógica. Metodológica, 2
Matèries:
Etiquetes: Afegir etiqueta
Sense etiquetes, Sigues el primer a etiquetar aquest registre!

MARC

LEADER 00000nam a2200000 a 4500
001 UCY8450
003 CL-VaPUC
008 950703e19760000AG |||||||||||||||||spa|d
082 0 4 |a 372.6  |b OÑA  |2 21 
100 |a Oñativia, Oscar V.  |e autor  |9 339815 
700 0 |a Palermo de Ligoule, M. Zulma  |e author  |9 339816 
700 |a Nardelli, María Laura  |e autora  |9 456608 
700 0 |a García de Gir, Irene  |e author  |9 339818 
700 0 |a Wisnivesky de Medina, María Sonia  |e author  |9 339819 
245 1 0 |a Lengua, ritmo y sentido: contribuciones al método integral para la enseñanza de la lectoescritura 
300 |a 116 p 
942 |c BK 
945 |d 19950703 00:00:00  |a mfernand 
260 |a Buenos Aires  |b Guadalupe  |c 1976 
650 7 |a ESCRITURA MANUSCRITA  |2 CL-VaPUC  |9 336432 
650 0 |a Enseñanza de la escritura  |9 307377 
650 0 |a Enseñanza de la lectura  |9 308364 
650 0 |a Gramática  |9 270497 
650 0 |a Alfabetización   |9 310435 
650 0 |a Enseñanza de idiomas  |9 339820 
650 7 |a JUEGO METODO DE ENSEÑANZA  |2 CL-VaPUC  |9 338389 
583 |a last modification  |c 19950703 00:00:00  |k Rodrigo Vera 
490 0 |a Biblioteca pedagógica. Metodológica, 2 
999 |c 235690  |d 235688 
952 |0 0  |1 0  |4 0  |6 372_600000000000000_OÑA_1976  |7 0  |8 P  |9 243277  |a BIBEDU  |b BIBEDU  |c BIBEDU_PB  |d 2019-11-18  |i 1525875  |o 372.6 OÑA 1976  |p 1525875  |r 2024-01-25  |w 2019-11-18  |y BK  |k EDU